Catálogo público

Combate químico de enfermedades foliares y su impacto en el rendimiento de maíz elotero cv. A 7573 / (Record no. 220016)

MARC details
000 -CABECERA
campo de control de longitud fija 03739nam a2200349 a 4500
003 - IDENTIFICADOR DEL NÚMERO DE CONTROL
campo de control OSt
005 - FECHA Y HORA DE LA ÚLTIMA TRANSACCIÓN
campo de control 20240626110235.0
007 - CAMPO FIJO DE DESCRIPCIÓN FÍSICA--INFORMACIÓN GENERAL
campo de control de longitud fija cr ||||||a|c|a
008 - DATOS DE LONGITUD FIJA--INFORMACIÓN GENERAL
campo de control de longitud fija 240624s2021 mx a|||fom||| 001 0 spa d
040 ## - FUENTE DE LA CATALOGACIÓN
Normas de descripción rda
100 1# - ENTRADA PRINCIPAL--NOMBRE DE PERSONA
9 (RLIN) 189255
Nombre de persona Navarro Carbajal, Diana Jhosely
245 1# - MENCIÓN DE TÍTULO
Título Combate químico de enfermedades foliares y su impacto en el rendimiento de maíz elotero cv. A 7573 /
Mención de responsabilidad, etc. por Diana Jhosely Navarro Orozco; director de tesis Nahúm Marbán Mendoza; secretario Anselmo de Jesús Cabrera Hidalgo; vocal Calixto Leopoldo Carrillo Fonseca; suplente Luis Othón Espinoza Carrillo; suplente Sandra Guadalupe González Domínguez.
264 #1 - PRODUCCIÓN, PUBLICACIÓN, DISTRIBUCIÓN, FABRICACIÓN Y COPYRIGHT
Producción, publicación, distribución, fabricación y copyright Chapingo, México :
Nombre del de productor, editor, distribuidor, fabricante El autor,
Fecha de producción, publicación, distribución, fabricación o copyright 2021.
300 ## - DESCRIPCIÓN FÍSICA
Extensión 1 recurso en línea (56 páginas):
Otras características físicas cuadros, figuras.
336 ## - TIPO DE CONTENIDO
Fuente rdacontent
Término de tipo de contenido texto
Código de tipo de contenido txt
337 ## - TIPO DE MEDIO
Fuente rdamedia
Nombre/término del tipo de medio computadora
Código del tipo de medio c
338 ## - TIPO DE SOPORTE
Fuente rdacarrier
Nombre/término del tipo de soporte recurso en línea
Código del tipo de soporte cr
502 ## - NOTA DE TESIS
Tipo de título Ingeniero Agrónomo Especialista en Parasitología Agrícola
Nombre de la institución que otorga el título Departamento de Enseñanza, Investigación y Servicio en Parasitología Agrícola,
Año de obtención del título 2021.
Información miscelánea Licenciatura
504 ## - NOTA DE BIBLIOGRAFÍA, ETC.
Nota de bibliografía, etc. Incluye referencias bibliográficas: páginas 15-20.40-45.
520 ## - SUMARIO, ETC.
Sumario, etc. El cultivo de maíz es afectado por diversas enfermedades foliares que impactan negativamente su rendimiento y calidad del producto cosechado, siendo las royas y tizones foliares los de mayor importancia económica por su incidencia y severidad. La táctica de combate comúnmente usada para contrarrestar los efectos negativos de estas enfermedades es el uso de productos químicos sintéticos, destacando los triazoles y estrobilurinas. En este trabajo se evaluó el efecto de la mezcla azoxystrobin + tebuconazole contra Exserohilum turcicum y Puccinia sorghi en el cultivo de maíz elotero cv. A7573. Se evaluaron cinco dosis de la mezcla azoxystrobin + tebuconazole (AZO+TEB) (400-800 mL/ha), una de trifloxystrobin + tebuconazole (300 mL/ha), una de azoxystrobin + propiconazole (800 mL/ha) y un tratamiento control. Los tratamientos se distribuyeron bajo un diseño de bloques completos al azar con cuatro repeticiones y se cuantificó la incidencia y severidad de las enfermedades; así como la longitud y diámetro del tallo, y longitud de elote. Las aplicaciones de AZO+TEB (500-800 mL/ha) redujeron significativamente la incidencia y severidad de las enfermedades con respecto a las plantas sin tratar. El AZO+TEB (800 mL/ha) redujo en 99 % y 100 % el tizón foliar y roya común respectivamente, a los 7 días después de la aplicación (dda) y en 94.37 % el tizón foliar y 93.02 % la roya común a los 14 dda. Hubo un efecto positivo sobre las variables vegetativas de las plantas de maíz por la aplicación de la mezcla AZO +TEB (600-800 mL/ha) y Quilt® (800 mL/ha), y los diámetros de tallo más gruesos se presentaron en las plantas tratadas con AZO+TEB (400 y 800 mL/ha). Las características agronómicas de los frutos fueron favorecidas con la aplicación de los fungicidas, los elotes de mayor peso y tamaño se produjeron en las plantas tratadas con AZO+TEB (600-800 mL/ha) y testigos comerciales. Esto se manifestó en un mayor rendimiento estimado de elote en las plantas tratadas.
650 #4 - PUNTO DE ACCESO ADICIONAL DE MATERIA--TÉRMINO DE MATERIA
9 (RLIN) 44045
Término de materia o nombre geográfico como elemento de entrada Fungicidas
Subdivisión general Análisis
650 #4 - PUNTO DE ACCESO ADICIONAL DE MATERIA--TÉRMINO DE MATERIA
9 (RLIN) 126604
Término de materia o nombre geográfico como elemento de entrada Fungicidas
Subdivisión general Aplicación
650 #4 - PUNTO DE ACCESO ADICIONAL DE MATERIA--TÉRMINO DE MATERIA
9 (RLIN) 189256
Término de materia o nombre geográfico como elemento de entrada Tizón foliar del maíz
Subdivisión general Control
650 #4 - PUNTO DE ACCESO ADICIONAL DE MATERIA--TÉRMINO DE MATERIA
9 (RLIN) 189257
Término de materia o nombre geográfico como elemento de entrada Roya del maíz
Subdivisión general Control
700 1# - PUNTO DE ACCESO ADICIONAL--NOMBRE DE PERSONA
9 (RLIN) 71246
Nombre de persona Marbán Mendoza, Náhum
Término indicativo de función/relación Director de tesis.
700 1# - PUNTO DE ACCESO ADICIONAL--NOMBRE DE PERSONA
9 (RLIN) 16669
Nombre de persona Cabrera Hidalgo, Anselmo de Jesús
Término indicativo de función/relación Secretario.
700 1# - PUNTO DE ACCESO ADICIONAL--NOMBRE DE PERSONA
9 (RLIN) 19482
Nombre de persona Carrillo Fonseca, Calixto Leopoldo
Término indicativo de función/relación Vocal.
700 1# - PUNTO DE ACCESO ADICIONAL--NOMBRE DE PERSONA
9 (RLIN) 170932
Nombre de persona Espinoza Carrillo, Luis Othón
Término indicativo de función/relación Suplente.
700 1# - PUNTO DE ACCESO ADICIONAL--NOMBRE DE PERSONA
9 (RLIN) 48859
Nombre de persona González Domínguez, Sandra Guadalupe
Término indicativo de función/relación Suplente.
856 ## - LOCALIZACIÓN Y ACCESO ELECTRÓNICOS
Identificador Uniforme del Recurso http://10.13.5.2/tesis/tl/2021_PA_Navarro_Carbajal_DianaJhosely.pdf
Nota pública DESCARGAR PDF
942 ## - ELEMENTOS DE PUNTO DE ACCESO ADICIONAL (KOHA)
Fuente del sistema de clasificación o colocación Clasificación Universidad Autónoma Chapingo
Tipo de ítem Koha Tesis digital
Holdings
Estado de retiro Estado de pérdida Fuente del sistema de clasificación o colocación Estado dañado Restricciones de uso No para préstamo Código de colección Localización permanente Ubicación/localización actual Ubicación en estantería Fecha de adquisición Total de préstamos Signatura topográfica completa Fecha visto por última vez Precio válido a partir de Tipo de ítem Koha
    Clasificación Universidad Autónoma de Chapingo   Préstamo interno   Tesis digitales de Licenciatura Biblioteca Digital Biblioteca Digital En línea 24/06/2024   Tesis digital 24/06/2024 24/06/2024 Tesis digital